000 01168nam a22002297 4500
999 _c1390
_d1390
003 AR-BaISA
005 20240422151033.0
007 ta
008 230823s1960 ag |||| |||| 000 0 spa d
040 _bspa
_cAR-BaISA
082 4 _222
_a150.195 R115
100 1 _93035
_aRacker, Heinrich
245 1 0 _aEstudios sobre técnica psicoanalítica /
_cHeinrich Racker
260 _aBuenos Aires:
_bPaidós,
_c[1960?]
300 _a222 p.
490 1 _aBiblioteca de psicología profunda
504 _aBibliografía p.: 223-226.
505 _tIntroducción a la técnica psicoanalítica --
_tSobre técnica clásica y técnicas actuales de psicoanálisis --
_tConsideraciones sobre la teoría de la transferencia --
_tAnálisis de la transferencia a través de la relación del analizado con la interpretación --
_tLa neurosis de contratransferencia --
_tLos significados y usos de la contratransferencia --
_tTécnica analítica y el masoquismo inconsciente del analista --
_tTécnica analítica y la manía inconsciente del analista --
_tContratransferencia e interpretación
650 1 0 _9141
_aPsicoanálisis
830 0 _aPsicología profunda
_9139
942 _2ddc
_cLI
_e22